000 00590nam a2200205Ia 4500
003 GCL
008 140319s9999 xx 000 0 ara d
040 _aGCL /
_cGCL
082 0 4 _a782.1
_bح ا
100 1 _aحلمى مراد
245 1 0 _aاوبرا عايدة /
_cحلمى مراد
260 _a[S.N] :
_bدار الهلال للطباعة والنشر
300 _a107 ص
490 _a
650 0 4 _aالموسيقى
650 0 4 _aالاوبرا
650 0 4 _aالاداء الصوتى الاوبريتى
650 0 4 _aالمسرحيات الغنائية
942 _2ddc
_cBK
999 _c35720
_d35720